[Event "Clutch Chess 2020"]
[Site "Online"]
[Date "2020.05.27"]
[Round "1.12"]
[White "Dominguez Perez, Leinier"]
[Black "Caruana, Fabiano"]
[Result "0-1"]
[WhiteElo "2786"]
[BlackElo "2773"]
[Annotator "TA"]
[PlyCount "94"]
[EventDate "2020.05.24"]
[EventType "k.o."]
[SourceTitle "playchess.com"]
[Source "ChessBase"]
[SourceQuality "1"]

{[%evp 16,94,7,0,0,0,0,0,14,5,6,13,12,0,23,15,21,17,16,15,6,11,50,49,54,43,35,36,17,43,129,0,10,7,51,46,52,72,50,60,75,51,55,63,64,0,0,0,0,-115,-59,-54,-8,-18,87,0,0,-39,-5,-9,0,0,0,0,10,7,10,0,11,10,13,-1115,-1114,-29972,-29968,-29976,-29978,-29995,-29996,-29996,-29997]} 1. e4 e6 2. d4 d5 3. Nc3 Nf6 4. e5 Nfd7 5. f4 c5 6. Nf3 Nc6 7. Be3 Be7 8. Qd2 a6 9. Be2 b5 {C11: French: Classical System: 4 e5 and 4 Bg5 dxe4.} 10. a3 O-O {10...Bb7 is vanishing.} 11. O-O Qc7 {The position is equal.} 12. dxc5 Nxc5 13. Nd4 Bb7 14. Nxc6 Bxc6 $5 {[%mdl 4] An interesting side line.} (14... Qxc6 {is interesting.} 15. Bd4 Nd7 16. Qe3 Bc5 17. Rfd1 Rac8) 15. Bd4 Ne4 16. Nxe4 dxe4 17. Qe3 a5 {[#]} 18. Bg4 $146 ({Predecessor:} 18. c3 b4 19. axb4 axb4 20. c4 Qb7 21. g4 Rfd8 22. g5 g6 23. Rxa8 Qxa8 24. b3 Rxd4 25. Qxd4 Qa2 26. Qe3 Qa5 27. Kg2 Bc5 28. Qc1 Qa2 29. Qd1 e3+ {½-½ (29) Kitsune-Pradateufel playchess.com INT 2007}) 18... h6 19. f5 Bg5 20. Qg3 exf5 21. Bxf5 Qe7 22. Qc3 Qb7 (22... Bd5 $14) 23. Bc5 (23. e6 $16) 23... Rfe8 24. e6 Bd5 {[#]} 25. Bh7+ $1 {[%mdl 576] Deflection} Kxh7 26. Rxf7 $1 Qxf7 27. exf7 Bxf7 28. Qg3 Rad8 {With the idea ...e3.} 29. Be3 Bf6 30. Rf1 (30. Qc7 $14 Bc4 31. c3 (31. Qxa5 Bxb2 32. Re1 Ra8 $11)) 30... Bc4 $11 31. Rb1 Bxb2 32. h4 ({Avoid the trap} 32. Rxb2 $2 Rd1+ 33. Qe1 Rxe1+ $19) (32. Qe1 $11 Bxa3 33. Qxa5) 32... Bf6 (32... Bxa3 $17 33. h5 a4 34. Bxh6 Bf8) 33. h5 Re6 34. Qg4 Red6 (34... Rde8 $11) 35. Qxe4+ ({White should try} 35. a4 $1 $16) 35... Kh8 {And now ...Re6 would win.} 36. Qg4 Re8 {[%mdl 1024] Black has compensation.} 37. Bf2 Rd5 38. Re1 Rf8 39. Qg6 Rg5 40. Re8 $40 {[%mdl 128] White attacks.} Kg8 41. Rxf8+ Kxf8 42. Qe4 {Black must now prevent Bh4.} Bd5 $1 {[%cal Rd5e4]} 43. Qd3 $2 {[%mdl 8192] This move loses the game for White.} (43. Qf4 $11) 43... Rxg2+ $19 44. Kh1 Rg5+ {[%mdl 64] [#] Discovered Attack. Black mates.} 45. Kh2 Be5+ 46. Kh3 Be6+ 47. Kh4 Rg4+ {Accuracy: White = 73%, Black = 70%.} 0-1

[Event "Clutch Chess 2020"]
[Site "Online"]
[Date "2020.05.28"]
[Round "2.1"]
[White "So, Wesley"]
[Black "Caruana, Fabiano"]
[Result "1/2-1/2"]
[WhiteElo "2741"]
[BlackElo "2773"]
[Annotator "TA"]
[PlyCount "98"]
[EventDate "2020.05.24"]
[EventType "k.o."]
[SourceTitle "playchess.com"]
[Source "ChessBase"]
[SourceQuality "1"]

{[%evp 24,98,27,31,43,17,39,28,19,20,16,5,29,0,11,10,13,26,14,6,30,26,0,0,0,4,53,35,54,-5,-6,-15,10,41,80,18,19,26,129,126,177,174,416,393,382,285,273,82,127,122,123,116,130,154,134,125,156,77,73,73,73,146,124,73,73,0,0,0,0,0,0,0,0,0,0,0,0]} 1. e4 e5 2. Nf3 Nc6 3. Bb5 a6 4. Ba4 Nf6 5. O-O b5 6. Bb3 Bc5 7. a4 Rb8 8. c3 d6 9. d4 Bb6 10. axb5 axb5 11. Na3 O-O 12. Nxb5 Bg4 13. Bc2 Bxf3 {C78: Ruy Lopez: Archangelsk and Möller Defences.} 14. gxf3 Nh5 15. f4 Nxf4 {White has an edge.} 16. Bxf4 exf4 17. Qg4 Ne7 18. Na3 {[#]} c5 $146 ({Predecessor:} 18... Ng6 19. Rfd1 c5 20. dxc5 Bxc5 21. b4 Bb6 22. Nc4 Qc7 23. Bb3 Ne5 24. Nxe5 dxe5 {½-½ (35) Hild,H (2369)-Cvak,R (2428) ICCF email 2018}) 19. dxc5 Bxc5 20. b4 Bb6 21. Qxf4 Ng6 22. Qg3 d5 23. Rad1 Bc7 24. f4 Qf6 {[%cal Rc7f4]} 25. e5 $1 $36 {[%cal Re5f6][%mdl 2048] White is pushing.} Qc6 26. h4 ({Better is} 26. Bxg6 $14 hxg6 27. Rd3) 26... Ra8 $11 27. Nb1 Ra2 28. Rd2 {h5 is the strong threat.} Rfa8 29. Qd3 (29. Kh2 $16) 29... Bb6+ 30. Kh2 d4 (30... Rb2 $11 {keeps the balance.}) 31. c4 $16 Bd8 (31... Bc7 $16 {might work better.}) 32. Qxd4 $18 Qc7 $2 (32... Qe6 {was worth a try.} 33. h5 Nf8) 33. h5 Nf8 34. c5 Qe7 35. Be4 $2 (35. Qf2 $18 {and White stays clearly on top.}) 35... Ne6 36. Qd3 Rxd2+ 37. Nxd2 (37. Qxd2 $6 Qh4+ 38. Kg1 Rb8 $11) 37... Ra2 38. Bxh7+ Kh8 {Strongly threatening ...Qh4+.} 39. Bf5 {And now Bxe6 would win.} Qh4+ 40. Kg1 (40. Kg2 $142) 40... Be7 41. Bxe6 fxe6 42. Rf2 $1 {Black must now prevent Kg2.} Qg4+ {[#]} 43. Kh2 ({Of course not} 43. Rg2 $6 Ra1+ 44. Nf1 Qxf4 $11) (43. Kh1 $142 $1) 43... Bh4 $16 {[#]} 44. Rg2 ({White should play} 44. Qf3 $1 $16 {[%cal Rf3g4]} Qxf3 45. Rxf3) 44... Qxf4+ $11 {The position is equal.} 45. Kh3 Ra1 {( -> ...Rh1+)} 46. Nf3 Rh1+ 47. Nh2 Re1 (47... Be7 $5 48. Qg3 $8 Qf5+ {[%mdl 64] Double Attack} 49. Qg4 Qd3+ 50. Qg3 Qf5+ {[%mdl 64] Double Attack} 51. Qg4 Qd3+ 52. Qg3 Qf5+ $11 {[%mdl 64] Double Attack}) 48. Ng4 Rh1+ 49. Nh2 $1 Re1 {Black escapes into a draw. Accuracy: White = 67%, Black = 74%.} (49... Bg5 $5 50. Qg3 $8 Qf5+ 51. Qg4 Qd3+ 52. Qg3 Qf5+ 53. Qg4 Qd3+ 54. Qg3 Qf5+ $11) 1/2-1/2

[Event "Clutch Chess 2020"]
[Site "Online"]
[Date "2020.05.28"]
[Round "2.2"]
[White "Caruana, Fabiano"]
[Black "So, Wesley"]
[Result "1-0"]
[WhiteElo "2773"]
[BlackElo "2741"]
[Annotator "TA"]
[PlyCount "49"]
[EventDate "2020.05.24"]
[EventType "k.o."]
[SourceTitle "playchess.com"]
[Source "ChessBase"]
[SourceQuality "1"]

{[%evp 21,49,23,15,9,23,22,14,15,22,5,26,0,62,67,72,12,17,12,15,6,14,7,13,8,13,13,125,132,581,561]} 1. e4 e5 2. Nf3 Nc6 3. Bb5 Nf6 4. O-O Nxe4 5. d4 Nd6 6. Bxc6 dxc6 7. dxe5 Nf5 8. Qxd8+ Kxd8 9. Rd1+ Ke8 10. Nc3 Ne7 11. h3 Ng6 12. Be3 {C67: Ruy Lopez: Berlin Defence: 4 0-0 Nxe4.} Be7 13. Rd2 h5 {[#]} 14. Re1 $146 {The position is equal.} ({Predecessor:} 14. Rad1 h4 15. Ne2 Rh5 16. Nf4 Nxf4 17. Bxf4 c5 18. Be3 b6 19. Bf4 Rf5 20. Bh2 {0-1 (32) Berger,G (1599)-Schirrmacher,C (1778) GER email 2012}) 14... h4 15. Ne4 Bf5 16. Bg5 Bxg5 (16... Rd8 $11) 17. Nexg5 $14 Rh5 18. g4 (18. e6 $16 f6 19. Ne4 Bxe4 20. Rxe4) 18... hxg3 $1 $11 19. fxg3 {[#] Strongly threatening g4.} Bxh3 20. Nxh3 Rxh3 21. e6 $36 {[%mdl 2048] With the idea exf7+. White has good play.} Rxg3+ 22. Kf2 Rg4 23. Rd7 $1 {[%cal Rd7f7][%mdl 64] [#] Double Attack} Rc8 (23... fxe6 $11 {keeps the balance.} 24. Rxc7 Rb8) 24. Rxf7 $16 Nf8 $2 {[%mdl 8192]} (24... a6 $16 25. Rh1 (25. Rxg7 Kf8 $16) 25... Rd8) 25. Rh1 {Accuracy: White = 92%, Black = 53%.} 1-0

[Event "Clutch Chess 2020"]
[Site "Online"]
[Date "2020.05.28"]
[Round "2.3"]
[White "So, Wesley"]
[Black "Caruana, Fabiano"]
[Result "1/2-1/2"]
[WhiteElo "2741"]
[BlackElo "2773"]
[Annotator "TA"]
[PlyCount "104"]
[EventDate "2020.05.24"]
[EventType "k.o."]
[SourceTitle "playchess.com"]
[Source "ChessBase"]
[SourceQuality "1"]

{[%evp 23,104,23,43,43,32,15,32,47,57,52,57,-71,-8,-6,100,-189,-167,-188,-162,-172,-150,-163,-164,-166,-174,-155,-160,-162,179,-116,-116,-116,-109,-102,-109,-98,-91,-120,-77,-109,-108,-120,-112,-104,-121,-128,-128,-128,-128,-128,-36,-36,-36,-36,-36,-36,0,0,0,0,0,0,0,0,0,0,0,0,0,0,0,0,0,0,0,0,0,0,0,0,0,0,0]} 1. d4 Nf6 2. c4 e6 3. Nf3 c5 4. d5 d6 5. Nc3 exd5 6. cxd5 g6 7. e4 Bg7 8. Be2 O-O 9. O-O Re8 10. Nd2 Nbd7 11. a4 Ne5 12. Qc2 a6 13. a5 {A77: Modern Benoni: Classical: 9...Re8 10 Nd2: 10...a6 and 10...Nbd7.} Rb8 14. b3 {[#]} Bg4 $146 ({Predecessor:} 14... g5 15. Bb2 Ng6 16. Rfe1 Nf4 17. Bf1 Ng4 18. Nc4 Ne5 19. Na4 Bd7 20. Nab6 Bb5 21. Nxe5 Bxe5 22. Bxe5 Rxe5 {½-½ (50) Karolyi,T (2410)-Forintos,G (2395) Hungary 1986}) 15. Bb2 {White is slightly better.} Bxe2 16. Nxe2 Ned7 17. Rfe1 (17. Nc3 $14 {stays ahead.}) 17... b5 ({Black should play} 17... Nxe4 $1 $17 {Black wants to play ...Bxb2.} 18. Bxg7 Nxd2) 18. axb6 $11 Qxb6 (18... Nxe4 $1 $11 19. Bxg7 (19. Nxe4 Bxb2 20. Rxa6 Rxb6 $15) 19... Nxd2) 19. Ra3 $2 {[%mdl 8192] [#]} (19. Bc3 $16 {keeps the pressure on.}) 19... Nxe4 $1 $19 {[%mdl 512]} 20. Bxg7 (20. Nxe4 Bxb2) 20... Nxd2 21. Qxd2 Kxg7 22. Rea1 Nf6 23. Ng3 Re5 24. Rxa6 Qxb3 25. Rxd6 {[#] Black must now prevent Qf4.} Nxd5 $4 {[%mdl 8192]} (25... Qb4 $19 {and all is fine.} 26. Nf1 Ne4) 26. h4 $2 ({White has to play} 26. f4 $18 Nxf4 27. Qxf4) 26... Qb2 $17 27. Rd1 Qxd2 28. Rxd2 Re1+ 29. Kh2 Nf6 30. f3 Rc8 31. h5 Nxh5 32. Nxh5+ gxh5 {[%mdl 4096] Endgame KRR-KRR} 33. R6d5 Re6 34. Rc2 c4 35. Kg3 Kg6 36. Kh4 f5 (36... f6 $17 {Strongly threatening ...Re5.} 37. Rxh5 Re5 38. Rxe5 fxe5) 37. Rc3 $1 $15 Rec6 38. Rd4 Kf6 {And now ...Ke5 would win.} 39. f4 $1 Rg8 40. Rdxc4 {The position is equal.} Rxc4 41. Rxc4 Rxg2 $11 {KR-KR} (41... Ke6 {looks sharper.} 42. Kxh5 Kd5 43. Ra4 Rg6 44. Kh4 Rxg2 45. Kh5 Rg6) 42. Rc6+ Ke7 43. Kxh5 Rg4 44. Rc4 Ke6 45. Ra4 $1 Rg1 46. Kh6 Re1 47. Kxh7 Re4 48. Rxe4+ fxe4 49. Kg6 Ke7 (49... e3 $5 50. f5+ $8 Ke5 $11) 50. Kg7 $1 Ke6 (50... Kd7 $5 51. f5 $8 e3 $11) 51. Kg6 e3 {( -> ...Kd5)} (51... Ke7 $5 52. Kg7 $8 Ke6 53. Kg6 $11) 52. f5+ Kd5 {White happily takes the draw. Accuracy: White = 73%, Black = 70%.} (52... Kd7 $5 53. f6 $8 Ke8 $11) 1/2-1/2

[Event "Clutch Chess 2020"]
[Site "Online"]
[Date "2020.05.28"]
[Round "2.4"]
[White "Caruana, Fabiano"]
[Black "So, Wesley"]
[Result "1/2-1/2"]
[WhiteElo "2773"]
[BlackElo "2741"]
[Annotator "TA"]
[PlyCount "97"]
[EventDate "2020.05.24"]
[EventType "k.o."]
[SourceTitle "playchess.com"]
[Source "ChessBase"]
[SourceQuality "1"]

{[%evp 16,97,9,7,8,11,10,8,8,10,9,9,9,9,44,-5,40,-9,-16,-17,0,-27,-25,-36,-13,-56,-50,-39,-49,-56,-34,-45,0,-152,-142,-143,-146,-142,-131,-118,-35,-107,-94,-110,-112,-96,-94,-94,-80,-72,-23,-43,-30,-30,-30,-45,-32,-35,-35,-37,-27,-26,0,0,0,0,0,0,0,-8,-8,-8,-8,-8,0,0,0,0,0,0,0,0,0,0]} 1. e4 e5 2. Nf3 Nc6 3. Bb5 a6 4. Ba4 Nf6 5. O-O Be7 6. d3 b5 7. Bb3 d6 8. a3 O-O 9. Nc3 Be6 {Recently 9...Na5 got a lot of attention. C77: Ruy Lopez: 3...a6 4 Ba4 Nf6, unusual lines.} 10. Bxe6 fxe6 11. Ne2 d5 12. Ng3 {[#]} Qd6 $146 ({Predecessor:} 12... dxe4 13. dxe4 Qxd1 14. Rxd1 Rad8 15. Bd2 Rd6 16. Bc3 Rfd8 17. Rxd6 cxd6 18. Ng5 h6 19. Nxe6 {½-½ (60) Swiercz,D (2613)-Inarkiev,E (2660) Germany 2016}) 13. Qe2 Nd7 14. Be3 Rf7 15. Rad1 Raf8 16. c3 d4 17. cxd4 Rxf3 18. gxf3 Nxd4 19. Bxd4 exd4 20. Kh1 Qf4 {[%mdl 1024] Black has compensation.} 21. Rg1 g6 22. Nf1 Bd6 23. Rg3 Qh6 24. Nd2 $2 (24. b4 $11) 24... Bxg3 $17 25. fxg3 {[#]} Qe3 $1 {[%cal Re3e2]} 26. Re1 Qxe2 27. Rxe2 {[%mdl 4096] Endgame KRN-KRN} Ne5 (27... Nc5 $17 {...e5 is the strong threat.} 28. f4 e5) 28. f4 ({Better is} 28. Nb3 $15) 28... Nxd3 29. Nb3 c5 30. Rd2 c4 {aiming for ...e5.} 31. Nxd4 e5 32. fxe5 Rf1+ 33. Kg2 Rb1 34. b3 Nxe5 35. bxc4 Nxc4 36. Rf2 Rb2 37. Rxb2 Nxb2 $15 {KN-KN} 38. Ne6 $1 a5 {Threatening ...Nc4.} 39. Nd4 {The position is equal.} b4 40. axb4 axb4 41. Kf3 Nd3 42. Ke3 Nc5 43. e5 Kf7 44. Kd2 Ke7 45. Nc6+ Ke6 46. Nxb4 Kxe5 47. Ke3 Ne6 48. Nd3+ Kf6 49. Nf2 {Black had all chances to win. Accuracy: White = 84%, Black = 84%.} 1/2-1/2

[Event "Clutch Chess 2020"]
[Site "Online"]
[Date "2020.05.28"]
[Round "2.5"]
[White "So, Wesley"]
[Black "Caruana, Fabiano"]
[Result "1/2-1/2"]
[WhiteElo "2741"]
[BlackElo "2773"]
[Annotator "TA"]
[PlyCount "72"]
[EventDate "2020.05.24"]
[EventType "k.o."]
[SourceTitle "playchess.com"]
[Source "ChessBase"]
[SourceQuality "1"]

{[%evp 10,72,18,12,22,20,29,26,23,37,27,16,17,7,0,0,26,25,18,15,19,0,0,0,0,0,0,0,0,0,0,0,0,0,0,0,0,0,0,0,0,-9,0,0,0,0,0,0,0,0,0,0,0,0,0,0,0,0,0,0,0,0,0,0,0]} 1. d4 Nf6 2. c4 e6 3. Nf3 d5 4. Nc3 Be7 5. Bg5 h6 6. Bf4 dxc4 {D53: Queen's Gambit Declined: 4 Bg5 Be7: Early deviations.} 7. e3 a6 8. Bxc4 b5 {[#] White has an edge.} 9. Be2 $146 ({Predecessor:} 9. Bd3 c5 10. dxc5 Bxc5 11. Ne4 Bb4+ 12. Nc3 Bxc3+ 13. bxc3 Bb7 14. Be2 Qxd1+ 15. Rxd1 {½-½ (47) Volanek,M (1133)-Koska,J (1287) Liptovsky Mikulas 2018}) 9... Nbd7 10. O-O Bb7 11. Ne5 Nxe5 12. Bxe5 O-O 13. Bf3 Bxf3 14. Qxf3 {The position is equal.} Nd7 15. Bg3 c5 16. d5 exd5 17. Nxd5 Nf6 18. Rad1 {[#] Threatens to win with Nxf6+.} Nxd5 19. Rxd5 Qb6 20. Rfd1 Rad8 21. h3 Rxd5 22. Rxd5 Rd8 23. b3 c4 {[#] White must now prevent ...c3.} 24. bxc4 bxc4 {aiming for ...c3.} 25. Be5 Qe6 26. Rxd8+ Bxd8 27. Bd4 Bf6 28. Bxf6 gxf6 $11 {[%mdl 4096] Endgame KQ-KQ} 29. Qg3+ Kh7 30. Qc7 Kg7 31. Qg3+ Kh7 32. Qc7 Qd5 33. e4 Qd4 {...Qa1+ is the strong threat.} 34. Qxf7+ Kh8 35. Qf8+ Kh7 36. Qf7+ Kh8 {A rather calm draw. Accuracy: White = 100%, Black = 96%.} 1/2-1/2

[Event "Clutch Chess 2020"]
[Site "Online"]
[Date "2020.05.28"]
[Round "2.6"]
[White "Caruana, Fabiano"]
[Black "So, Wesley"]
[Result "0-1"]
[WhiteElo "2773"]
[BlackElo "2741"]
[Annotator "TA"]
[PlyCount "100"]
[EventDate "2020.05.24"]
[EventType "k.o."]
[SourceTitle "playchess.com"]
[Source "ChessBase"]
[SourceQuality "1"]

{[%evp 16,100,8,0,15,0,4,7,0,0,0,0,12,0,0,0,0,0,0,0,0,0,25,22,12,12,11,18,28,40,33,28,31,36,50,0,22,-150,-145,-139,-148,-187,-179,-195,-168,-285,-298,-320,-313,-329,-343,-361,-361,-361,-314,-308,0,0,0,-337,-323,-307,-289,-256,0,-241,-240,-243,-238,-346,-352,-2064,-1987,-1870,0,-1871,-1849,-1760,-1744,-1614,-1578,-1222,-1146,-29978,-29979,-2888,-1881]} 1. e4 e5 2. Nf3 Nc6 3. Bb5 a6 4. Ba4 Nf6 5. O-O Be7 6. d3 b5 7. Bb3 d6 8. a3 O-O 9. Nc3 Be6 {9...Na5 is the modern continuation. C77: Ruy Lopez: 3...a6 4 Ba4 Nf6, unusual lines.} 10. Bxe6 fxe6 11. Ne2 d5 {The position is equal.} 12. Ng3 {[#]} Qd6 $5 $146 {[%mdl 8] New and interesting.} ({Predecessor:} 12... dxe4 13. dxe4 Qxd1 14. Rxd1 Rad8 15. Bd2 Rd6 16. Bc3 Rfd8 17. Rxd6 cxd6 18. Ng5 h6 19. Nxe6 {½-½ (60) Swiercz,D (2613)-Inarkiev,E (2660) Germany 2016}) 13. Qe2 Nd7 14. a4 b4 15. b3 Rf7 16. Bb2 Raf8 17. Rae1 Qc5 18. Qd1 Qb6 19. d4 exd4 20. exd5 exd5 21. Re6 {[%cal Rb2d4]} Nc5 22. Bxd4 Bd6 23. Be3 Nd8 {[%cal Bc6d8,Bd8e6,Be6c5][%mdl 32]} 24. Re5 c6 {[#] Threatens to win with ...Rxf3.} 25. Rh5 (25. Ne4 $5 {[%cal Re4d6]} Bxe5 26. Bxc5 $14) 25... Nde6 (25... g6 $5 {[%cal Rg6h5]} 26. Rh4 Nde6 $11) 26. Nh4 $2 ({Better is} 26. Ne4 $11 dxe4 27. Qxd6 exf3 28. Bxc5 Nxc5 29. Qxc5 Qxc5 30. Rxc5) 26... g6 $36 {[%mdl 2048] Black is really pushing.} 27. Nxg6 hxg6 28. Qg4 {Bxc5 is the strong threat.} Rg7 29. Rh6 Qc7 30. Bxc5 (30. Rxg6 $142 Rxg6 31. Qxg6+ Qg7 32. Qxg7+ Nxg7 33. Rd1) 30... Nxc5 $19 31. Rxg6 Bxg3 32. hxg3 a5 33. Re1 Qf7 34. Rxg7+ Qxg7 35. Qh3 Qh8 36. Qg4+ $1 Qg7 37. Qh3 $1 Ne4 38. Qe6+ Qf7 39. Qg4+ Qg7 40. Qe6+ Kh7 41. Qh3+ Qh6 42. Qd7+ (42. Qxh6+ {keeps fighting.} Kxh6 43. f3 Nxg3 44. Re6+ Kg5 45. Kf2) 42... Kh8 43. Re2 $2 (43. Qh3 Qxh3 44. gxh3) 43... Qc1+ 44. Kh2 Qh6+ 45. Kg1 $1 {[#]} Nxf2 $1 {[%mdl 512]} 46. Rxf2 Qc1+ 47. Kh2 Rxf2 48. Qh3+ Kg7 {aiming for ...Qh6.} 49. Qd7+ Rf7 50. Qg4+ Kh7 {Accuracy: White = 72%, Black = 96%.} 0-1

[Event "Clutch Chess 2020"]
[Site "Online"]
[Date "2020.05.29"]
[Round "2.7"]
[White "Caruana, Fabiano"]
[Black "So, Wesley"]
[Result "1-0"]
[WhiteElo "2773"]
[BlackElo "2741"]
[Annotator "TA"]
[PlyCount "95"]
[EventDate "2020.05.24"]
[EventType "k.o."]
[SourceTitle "playchess.com"]
[Source "ChessBase"]
[SourceQuality "1"]

{[%evp 19,95,19,33,0,4,8,14,-16,22,-16,-9,-16,-12,-11,-14,-17,0,0,0,0,0,0,0,0,16,2,14,-16,0,0,45,49,53,9,3,9,9,10,22,0,28,37,39,16,22,22,19,14,20,12,74,68,67,60,87,94,87,77,80,73,85,79,106,106,143,133,212,207,222,219,288,278,285,278,293,280,866,866]} 1. e4 e5 2. Nf3 Nc6 3. Bb5 Nf6 4. O-O Nxe4 5. d4 Nd6 6. Bxc6 dxc6 7. dxe5 Nf5 8. Qxd8+ Kxd8 9. Rd1+ Ke8 10. Nc3 Be7 11. Bg5 {C67: Ruy Lopez: Berlin Defence: 4 0-0 Nxe4.} h6 12. Bxe7 Nxe7 13. h3 {[#] The position is equal.} Bf5 $146 ({Predecessor:} 13... Ng6 14. Rd4 Ke7 15. Re1 Be6 16. Kh2 c5 17. Rde4 b6 18. h4 Rad8 19. h5 Nf8 {½-½ (27) Miettinen,K (2429)-Balshaw,A (2433) ICCF email 2017}) 14. Rd2 Rd8 15. Rad1 {[%csl Gd1][%cal Rd2d8] [#]} Rxd2 16. Rxd2 Ng6 17. Ne2 Ke7 18. Ng3 Be6 19. Nh5 $36 {[%mdl 2048] White has good play.} Rg8 20. b3 c5 21. g4 a5 22. Kh2 a4 23. Kg3 axb3 24. axb3 b5 25. Re2 Nf8 26. Nd2 Nd7 27. Ne4 Bd5 28. Nc3 Bc6 29. Nf4 Nb6 (29... g5 $5 {[%cal Rg5f4]} 30. Nd3 (30. Nfd5+ Kd8 $11) 30... Ra8 $11) 30. e6 b4 31. exf7+ Kxf7 32. Nd3 Nd7 33. Ne4 Re8 34. f3 Bb5 (34... g5 $11) 35. Rd2 $16 Bxd3 $1 36. Rxd3 $14 {[%mdl 4096] Endgame KRN-KRN} Nf6 37. Nxc5 Re2 38. Na6 Rxc2 39. Nxb4 Rc5 40. h4 g5 41. h5 Rc1 42. Kf2 c5 (42... Rc5 $16 {was called for.} 43. Ke1 Ng8) 43. Nc6 $18 Ke6 44. Re3+ Kd6 45. Ne7 Rc2+ 46. Ke1 Nd5 47. Nf5+ {[%mdl 64] [#] Double Attack} Kd7 $2 (47... Kc6) 48. Rd3 {Accuracy: White = 85%, Black = 63%.} 1-0

[Event "Clutch Chess 2020"]
[Site "Online"]
[Date "2020.05.29"]
[Round "2.8"]
[White "So, Wesley"]
[Black "Caruana, Fabiano"]
[Result "0-1"]
[WhiteElo "2741"]
[BlackElo "2773"]
[Annotator "TA"]
[PlyCount "124"]
[EventDate "2020.05.24"]
[EventType "k.o."]
[SourceTitle "playchess.com"]
[Source "ChessBase"]
[SourceQuality "1"]

{[%evp 13,124,13,25,10,12,15,24,13,31,23,12,14,20,12,32,35,29,25,58,49,57,59,58,60,65,60,57,52,93,79,93,75,90,92,88,85,80,75,94,72,104,104,123,126,132,117,111,122,229,223,249,239,230,193,250,247,258,223,247,255,250,239,479,356,373,387,373,331,373,374,395,-281,-273,-259,-277,-432,-416,-345,-217,-691,-670,-658,-654,-657,-188,-643,-612,-743,-619,-602,-613,-620,-568,-524,-508,-585,-548,-500,-443,-699,-707,-752,-638,-740,-689,-824,-824,-910,-846,-828,-770,-1136,-1125]} 1. e4 e5 2. Nf3 Nc6 3. Bc4 Bc5 4. c3 Nf6 5. d3 a6 6. a4 d6 7. O-O h6 8. Re1 {C54: Giuoco Piano: 4 c3 Nf6, main lines with 5 d4 and 5 d3.} Ba7 9. Nbd2 {[%cal Bb1d2,Bd2f1,Bf1g3][%mdl 32]} Ne7 {9...g5 is the modern continuation.} 10. Nf1 {White has an edge.} Ng6 11. Ng3 O-O 12. h3 c6 13. Bb3 Re8 14. d4 Be6 15. Bc2 c5 {[#]} 16. d5 $146 ({Predecessor:} 16. Be3 cxd4 17. cxd4 exd4 18. Nxd4 Bb6 19. Qd2 d5 20. Nxe6 Rxe6 21. Bxb6 Rxb6 22. e5 {½-½ (34) Fritsche,F (2359)-Lukesova,M (2390) ICCF email 2009}) 16... Bd7 17. c4 b5 18. Nf5 Bxf5 19. exf5 Nf8 20. Nd2 Bb6 21. Re3 (21. axb5 axb5 22. Rxa8 Qxa8 $14) 21... N8d7 22. Rea3 $36 {[%mdl 2048] White is in control.} bxc4 23. Nxc4 Bc7 24. a5 Rb8 25. Rg3 {Threatens to win with Bxh6.} Kh8 26. Ba4 Re7 27. b3 Nf8 28. Re3 N8h7 29. g4 e4 30. h4 Rb4 (30... Nd7 $16) 31. Bb2 $18 Qc8 32. Rg3 e3 33. Nxe3 (33. Rxe3 $6 Rxe3 34. Nxe3 (34. fxe3 Qd8 $16) 34... Qd8) 33... Ne4 (33... Rf4 $142 34. Nc4 h5) 34. Rg2 Bxa5 35. Qc2 Qd8 36. Nc4 Rxc4 37. bxc4 Bd2 $2 (37... Nd2 {was worth a try.} 38. g5 Re4) 38. f6 Nhxf6 {[%cal Bh7f6,Bf6e4,Be4f2][%mdl 32]} 39. f3 Be3+ 40. Kh1 Bf4 {intending ...Ng3+.} 41. fxe4 Nxe4 {If Black can now play ...Ng3+ this consolidates a bit.} 42. Qd3 $4 {[%mdl 8192] [#]} (42. Kg1 $18 {avoids the disaster.}) 42... Nf2+ $1 $19 43. Rxf2 Re3 44. Qxe3 (44. Qf5 {gets mated.} Qxh4+ 45. Kg1 Qg3+ 46. Kf1 Qh3+ 47. Rg2 Rf3+ 48. Ke1 Qh1+ 49. Rg1 Qxg1+ 50. Ke2 Qg2+ 51. Ke1 Qf1#) (44. Bxg7+ $142 Kxg7 45. Qxe3 (45. Qf5 {leads to mate.} Qxh4+ {[%mdl 64] Double Attack} 46. Kg1 Qg3+ 47. Kf1 Qh3+ 48. Rg2 Rf3+ 49. Ke1 Qxg2 50. Qh7+ {[%mdl 64] Decoy} Kxh7 51. Bc2+ {[%mdl 64] Discovered Attack} Qxc2 52. Rxa6 Bg3#) 45... Bxe3 46. Rf3 Qxh4+ 47. Kg2) 44... Qxh4+ {[%mdl 64] Double Attack} 45. Kg2 {Qe8+ would kill now.} ({Stronger than} 45. Qh3 Qxh3+ 46. Kg1 {[#]} Be3 $1 $19 {[%mdl 512]}) 45... Bxe3 46. Rxf7 $2 (46. Bxg7+ Kxg7 47. Rf3) 46... Qxg4+ {[%mdl 64] Double Attack} 47. Kf1 {And now Rf8+ would win.} Qxc4+ {[%mdl 64] Double Attack} 48. Kg2 Qe4+ $2 (48... Qe2+ 49. Kg3 Qxb2) 49. Kf1 $2 (49. Kh3 Bg5 50. Rf2) 49... Qd3+ {Black is clearly winning.} 50. Ke1 Qd2+ {[%mdl 64] Double Attack} 51. Kf1 Qxb2 52. Re1 Qd2 53. Rf3 Bf4 54. Re2 Qc1+ 55. Kg2 Qc4 {[%mdl 64] Double Attack} 56. Bd1 (56. Re8+ $142 Kh7 57. Bb3) 56... Be5 {...Qg4+ is the strong threat.} 57. Rf8+ Kh7 58. Bc2+ g6 59. Rf7+ Kg8 60. Ref2 Qxd5+ {[%mdl 64] Double Attack} 61. R7f3 Kg7 62. Bb3 c4 {Accuracy: White = 72%, Black = 74%.} 0-1